00672nam a2200181Ia 4500008004100000020001500041050001800056082002100074100002200095245004800117250004100165260003400206300002800240490002400268504003300292505014200325650002300467120622s2004 mx b 000 0 spa d a9700517977 aD20 bB7 2004 a909 bB868e 2004 aBrom, Juaneautor aEsbozo de historia universal c / Juan Brom a21a. edición [corr. y actualizada] aMéxicob : Grijalboc, 2004 a308 páginasb : mapas aLínea académica aBibliografía (pp. 293-308) aPresentación La historia La prehistoria La antigüedad La Edad Media La Edad Moderna La Edad Contemporánea Consideraciones finales 0aHISTORIA UNIVERSAL